| 000 | 00479nam a2200181Ia 4500 | ||
|---|---|---|---|
| 008 | 230917s9999||||xx |||||||||||||| ||und|| | ||
| 020 | _cRS695 | ||
| 040 |
_e257276 _aMAIN |
||
| 041 | _aEnglish | ||
| 082 | _a589.2 S75T(2) | ||
| 100 | _aSethi, Inderjeet Kaur | ||
| 245 | 0 | _aTextbook of fungi and their allies | |
| 250 | _a2nd ed. | ||
| 260 |
_aNew Delhi _bMedtech _c2018 |
||
| 300 | _axx, 532 p. | ||
| 500 | _a3580 09/08/2019 HBD19/7925 10/08/2019 Main Budget | ||
| 942 | _cBK | ||
| 999 |
_c32427 _d32427 |
||